Anuario Estadistico de Cuba 1981

Guardado en:
Detalles Bibliográficos
Formato: Libro
Lenguaje:español
Publicado: Habana Comite Estatal de Estadisticas 1981
Etiquetas: Agregar Etiqueta
Sin Etiquetas, Sea el primero en etiquetar este registro!

MARC

LEADER 00000nam a2200000 4500
001 c114336
005 20041019155158.3
041 0 |a spa 
044 |a CU 
245 1 0 |a Anuario Estadistico de Cuba 1981 
264 1 |a Habana  |b Comite Estatal de Estadisticas  |c 1981 
300 |a 368 s.